000 00583nam a22001577a 4500
003 OSt
005 20160323150140.0
008 160323b xxu||||| |||| 00| 0 eng d
040 _cRUA
082 _aATM BUN 2004 B473 Or.1
100 _98152
_aBUNTHAN PHALLA, ប៊ុនថាន ផល្លា
245 _aការចិញ្ចឹមជ្រូកសាច់ជាលក្ខណៈគ្រួសាររបស់កសិករនៅខេត្តស្ទឹងត្រែង
260 _aPhnom Penh
_bRUA
_c2004
300 _av; 12p.
_bill.
_c29cm.
942 _2ddc
_cATM
999 _c7765
_d7765